[Event "Al Mahmud Memorial Probashi Chess-ch 202"]
[Site "Dhaka"]
[Date "2022.02.11"]
[Round "7.7"]
[White "Md., Sharif Hossain"]
[Black "Ankit Ray"]
[Result "1-0"]
[WhiteElo "2211"]
[BlackElo "1824"]
[Annotator "TA"]
[PlyCount "75"]
[EventDate "2022.02.06"]
[EventCountry "BAN"]
[SourceTitle "playchess.com"]
[Source "ChessBase"]
[SourceQuality "1"]

{[%evp 14,75,16,9,29,15,28,0,59,69,83,76,122,129,161,170,153,112,118,106,95,93,156,139,162,166,183,182,178,190,176,187,172,155,145,162,196,191,180,157,222,208,222,205,240,222,301,323,610,394,867,849,1000,998,950,958,904,906,1801,885,892,881,736,539]} 1. e4 c5 2. Nf3 e6 3. d4 cxd4 4. Nxd4 Nc6 5. Nc3 Qc7 6. Be2 a6 7. O-O Nf6 8. Nxc6 dxc6 {B47: Sicilian: Taimanov: 5 Nc3 Qc7 6 f4, 6 g3 and 6 Be2.} 9. a4 Bb4 10. Qd4 {[#]} a5 $146 (10... Bd6 $11) ({Predecessor:} 10... Bd6 11. h3 e5 12. Qe3 Be6 13. Rd1 O-O 14. Qg3 Kh8 15. Bg5 Nd7 16. Bg4 Rae8 {1-0 (47) Ozer,O (2034)-Samani,Y (1774) Manavgat 2015}) 11. e5 $1 $14 Nd7 12. Bf4 Qb6 ({Better is} 12... O-O) 13. Qd3 $16 Nf8 14. Ne4 Ng6 15. Bg3 {White is much more active. Black has bad knights.} ({White should try} 15. Be3 Qc7 16. Nd6+ Bxd6 17. exd6) 15... O-O 16. Qf3 Be7 17. b3 Qc7 {[#]} (17... Bd7 $142) 18. Qh5 $1 b6 19. Rad1 Ba6 20. Bxa6 Rxa6 {[#]} 21. Nf6+ $1 {[%mdl 512]} gxf6 22. exf6 e5 23. fxe7 Qxe7 24. Rfe1 {[%cal Rg3e5]} f6 25. Qg4 {Hoping for Qc4+.} Ra7 26. Qc4+ Qf7 (26... Rf7 $16 27. Qxc6 Qc5 28. Qxc5 bxc5) 27. Qxc6 $18 Rc7 28. Qxb6 Rxc2 29. h4 {[%cal Bh2h4,Bh4h5][%mdl 32]} ({Resist} 29. Qxa5 $6 Qxb3 30. h3 h5 $16) 29... Rb2 30. Re3 ({But not} 30. Qxa5 $6 Qxb3 31. Rd7 Rf7 32. Qd8+ Nf8 $18) 30... Rc8 $2 (30... f5) 31. Rf3 f5 (31... Rf8 32. h5 Nf4 33. Bxf4 (33. Qxa5 Ne2+ 34. Kh1 Rxb3 $16) 33... exf4 34. Qxa5 Rxb3 35. Rxf4 Rb7) 32. h5 {White is clearly winning.} Nf4 33. Bxf4 exf4 34. Rd8+ Rxd8 35. Qxd8+ Kg7 36. Qd4+ (36. Qg5+ $142 Kh8 37. Rxf4) 36... Qf6 37. Qxf4 {White wants to mate with Rg3+.} Rb1+ 38. Kh2 {Weighted Error Value: White=0.15 (very precise) /Black=0.40} 1-0

[Event "Al Mahmud Memorial Probashi Chess-ch 202"]
[Site "Dhaka"]
[Date "2022.02.11"]
[Round "7.8"]
[White "Manon, Reja Neer"]
[Black "Priyanshu Barua"]
[Result "1-0"]
[WhiteElo "2209"]
[BlackElo "1573"]
[Annotator "TA"]
[PlyCount "85"]
[EventDate "2022.02.06"]
[EventCountry "BAN"]
[SourceTitle "playchess.com"]
[Source "ChessBase"]
[SourceQuality "1"]

{[%evp 27,85,0,0,0,0,0,0,0,0,0,11,18,23,30,34,35,30,25,23,24,56,27,25,12,78,79,259,237,279,263,442,446,663,629,651,639,956,943,1066,1058,1145,799,1364,1400,1387,1358,1307,1295,1612,761,1893,1442,1384,1331,1247,1076,1305,1170,5506,5497]} 1. e4 c5 2. Nf3 Nc6 3. d4 cxd4 4. Nxd4 g6 5. c4 d6 6. Nc3 Nf6 7. Be2 Nxd4 8. Qxd4 Bg7 9. Be3 O-O 10. Qd2 Be6 11. f3 Qa5 12. O-O Rfc8 13. b3 a6 14. Rac1 b5 15. Nb1 {B36: Sicilian: Maroczy Bind: Gurgenidze System.} b4 16. a3 Rab8 {[#]} 17. Bd1 $146 {The position is equal.} ({Predecessor:} 17. Bd4 Nd7 18. Bxg7 Kxg7 19. a4 Qe5 20. Qe3 Nc5 21. Nd2 g5 22. f4 gxf4 23. Rxf4 {0-1 (36) Pozun,M (2045)-Kutynec,V (2293) Pardubice 2017}) 17... Nd7 18. a4 f5 19. Bc2 Nf6 20. exf5 Bxf5 21. Rce1 Bxc2 22. Qxc2 d5 23. Nd2 Rd8 24. Bd4 Rbc8 25. Qb2 $36 {[%mdl 2048] White has the initiative.} ({Of course not} 25. Rxe7 dxc4 26. Bf2 c3 $15) 25... dxc4 (25... Ne8 $11) 26. Nxc4 $16 Rxc4 {Loses the game.} 27. bxc4 $18 Qc7 {[%cal Of6g4] [#] And now ...Ng4! would win.} 28. c5 Rd5 $2 (28... a5 29. Rd1 Qc6) 29. Qxb4 {White is clearly winning.} Rh5 (29... Qf4 $142 30. Bc3 (30. Rxe7 Qxd4+ 31. Qxd4 Rxd4 $18) 30... Qc7) 30. g3 Nd5 31. Qc4 Bh6 32. Re2 Kf8 33. Rfe1 {[%cal Bf1e1,Be1e3,Be3e5][%mdl 32]} Rf5 34. Re5 Be3+ 35. R5xe3 Nxe3 36. Rxe3 {[#] c6 is the strong threat.} Qc6 37. Kg2 Rd5 38. Re5 Rd7 39. Re4 Rd5 40. Qc1 {Strongly threatening Qh6+.} g5 41. Qe3 Qd7 42. Qc3 {White wants to mate with c6.} Kf7 43. c6 {Weighted Error Value: White=0.08 (flawless) /Black=0.48} 1-0

[Event "Al Mahmud Memorial Probashi Chess-ch 202"]
[Site "Dhaka"]
[Date "2022.02.11"]
[Round "7.9"]
[White "Mrittika Mallick"]
[Black "Sadnan Hasan, Dihan"]
[Result "1-0"]
[WhiteElo "1666"]
[BlackElo "2152"]
[Annotator "TA"]
[PlyCount "102"]
[EventDate "2022.02.06"]
[EventCountry "BAN"]
[SourceTitle "playchess.com"]
[Source "ChessBase"]
[SourceQuality "1"]

{[%evp 16,102,37,37,94,98,95,52,47,55,102,97,103,70,112,90,81,83,78,41,56,50,209,214,227,215,219,98,98,98,102,101,110,101,113,105,104,105,99,96,102,106,142,134,199,202,206,205,183,188,187,153,242,232,234,99,203,177,197,88,103,103,188,89,89,89,128,103,520,439,383,522,366,103,947,1480,6101,6101,6094,6094,6070,5875,5506,5518,5199,5131,2263,1691,834]} 1. e4 c5 2. Nf3 d6 3. Bb5+ Bd7 4. Bxd7+ Nxd7 5. O-O g6 6. c3 Ngf6 7. Qe2 Bg7 8. d4 cxd4 9. cxd4 d5 {B52: Sicilian: Moscow Variation with 3...Bd7.} (9... O-O $14) 10. e5 $1 $16 Ne4 11. Nbd2 (11. Qb5 $16) 11... Nxd2 $1 $14 {White is slightly better.} 12. Bxd2 {[#] And now e6 would win.} Nb6 $146 (12... Nf8 $14) ({Predecessor:} 12... Qb6 13. Bc3 O-O 14. h4 Rfe8 15. h5 Nf8 16. hxg6 hxg6 17. Ng5 Bh6 18. Qg4 Qb5 {0-1 (59) Ovetchkin,R (2532)-Laxman,R (2404) Playchess.com INT 2005}) 13. b3 O-O 14. a4 f6 (14... e6 $14) 15. Bb4 Re8 16. Rfe1 fxe5 17. Nxe5 Nd7 18. Nf3 e5 $2 (18... e6 $14) 19. Qb5 $1 $18 {[%csl LRb7,LRd5]} (19. Nxe5 Nxe5 20. dxe5 Bxe5 $17) 19... exd4 20. Qxd5+ (20. Qxb7 $6 Ne5 21. Nxe5 (21. Nxd4 $2 Rb8 $19) 21... Bxe5 $16) 20... Kh8 {[%cal Od7e5]} 21. Ng5 ({Less strong is} 21. Nxd4 Nb6 22. Qxd8 Rexd8 $16) (21. Qxb7 Rb8 22. Qd5 (22. Rxe8+ Qxe8 23. Qc7 Rxb4 $11) 22... Rxb4 $11) (21. Rxe8+ $18 {is the precise move to win.} Qxe8 22. Re1 (22. Nxd4 Nb6 $17) (22. Qxb7 Rb8 $11)) 21... Ne5 $16 {[#]} 22. Rxe5 {White is much more active.} Rxe5 23. Nf7+ Kg8 24. Qxd8+ (24. Nxd8+ $2 {perishes.} Rxd5 25. Ne6 d3 $19) (24. Nh6+ {keeps more tension.} Kh8 25. Qxd8+ Rxd8 26. Nf7+ Kg8 27. Nxd8 Re8 28. Nxb7 Rb8 29. Bd2) 24... Rxd8 25. Nxd8 Re8 26. Nxb7 Rb8 {[#]} 27. Bd2 $1 Rxb7 {[%mdl 4096] Endgame KRB-KRB} 28. Rb1 Kf7 {[#]} 29. Kf1 $1 Ke6 (29... Bf8 $16) 30. Ke2 $18 Kd5 31. Kd3 Bf8 32. b4 {[%cal Bb3b4,Bb4b5][%mdl 32]} a6 33. b5 Bc5 (33... axb5 $16 {keeps fighting.} 34. axb5 (34. Rxb5+ Rxb5 35. axb5 Bd6 $16) 34... Bc5) 34. Bb4 Ba7 35. Ba3 (35. bxa6 $18 Rb6 36. a5 Rxa6 37. Bd2) 35... Rb8 (35... Rc7 $16 36. Bb4 axb5) 36. h3 Rb7 37. Re1 (37. Rb3 $18 {has better winning chances.}) 37... Rc7 {...Rc3+ is the strong threat.} 38. Rc1 {Inhibits Rc3+.} Rb7 (38... Rxc1 $16 39. Bxc1 axb5) 39. f4 (39. Rb1 $18 {and White stays clearly on top.}) 39... axb5 $16 40. Rb1 Bb8 41. Rb4 Ba7 $2 {[%mdl 8192]} (41... Bxf4 $2 42. Rxd4+ Ke6 43. Rxf4 $18) (41... Kc6 $16 {is more resistant.}) 42. Rxb5+ $18 Rxb5 43. axb5 {[%cal Ba4b5,Bb5b6][%mdl 32] KB-KB} Bb8 44. Bc1 (44. g3 $18) 44... h5 $2 {[%mdl 8192]} (44... Kc5 $16 45. g4 Kxb5) 45. b6 {White is clearly winning.} h4 46. Bb2 Bxf4 47. Bxd4 Bg3 48. Bf6 Kc6 {[#]} 49. Bd8 $1 Kd7 50. Bc7 Bf2 51. Ke4 Kc6 {Weighted Error Value: White=0.39/Black=0.55} 1-0

[Event "Al Mahmud Memorial Probashi Chess-ch 202"]
[Site "Dhaka"]
[Date "2022.02.12"]
[Round "8.1"]
[White "Rahman, Ziaur"]
[Black "Arpan, Das (Jr)"]
[Result "1/2-1/2"]
[WhiteElo "2417"]
[BlackElo "2155"]
[Annotator "TA"]
[PlyCount "64"]
[EventDate "2022.02.06"]
[EventCountry "BAN"]
[SourceTitle "playchess.com"]
[Source "ChessBase"]
[SourceQuality "1"]

{[%evp 18,64,23,19,33,22,10,25,19,21,36,29,71,48,58,57,78,83,68,50,87,73,87,77,67,75,58,62,50,0,0,0,35,0,0,0,0,-94,-95,-73,-90,-82,-80,-76,-65,-142,-164,-233,-99]} 1. Nf3 Nf6 2. g3 g6 3. b3 Bg7 4. Bb2 O-O 5. Bg2 c5 6. c4 d6 7. d4 d5 8. O-O dxc4 9. bxc4 cxd4 10. Nxd4 Nc6 {A49: 1 d4 Nf6 2 Nf3 g6 3 g3: Anti-King's Indian systems.} 11. Nxc6 bxc6 12. Nd2 Qc7 {White has an edge.} 13. Qa4 Bd7 {[#]} 14. Qa3 $146 ({Predecessor:} 14. Nb3 Rab8 15. Bc3 c5 16. Qa3 Rfc8 17. Rad1 Be6 18. Qc1 Nd7 19. Bxg7 Kxg7 20. Bd5 Bh3 21. Rfe1 Nf6 22. Qc3 Kg8 23. Bf3 Be6 24. e4 Rb4 25. Nd2 {½-½ (25) Wunnink,M (2214)-De Jong,T (2176) Amsterdam 2019}) 14... Be6 (14... Rac8 $11) 15. Rac1 Rfd8 16. Nb3 Ng4 17. Bxg7 Kxg7 18. Nc5 Bf5 19. h3 Nf6 {[%cal Bg4f6,Bf6d7,Bd7f8][%mdl 32]} 20. Qc3 {[#] aiming for g4.} Kg8 21. e4 {[%cal Be2e4,Be4e5][%mdl 32]} Bc8 22. e5 Nd7 23. Nd3 (23. Nb3 $1 $14) 23... Nf8 $1 $11 24. f4 Bf5 25. Nb4 a5 $1 26. Nxc6 Rd3 27. Qe1 (27. Qc2 $11 Rxg3 28. Qf2) 27... Ra6 $17 28. g4 Rxc6 29. gxf5 Rxc4 30. Rxc4 Qxc4 31. Qh4 (31. fxg6 $1 $15 Qd4+ 32. Kh1 hxg6 33. Qxa5) 31... Qc5+ ({Stronger than} 31... Qxa2 32. Qxe7 Qe2 33. Qa7 $17) 32. Kh1 (32. Kh2 $142) 32... Rc3 {Weighted Error Value: White=0.22 (precise) /Black=0.06 (flawless)} (32... gxf5 $19 {and Black stays clearly on top.} 33. Qg5+ Ng6 34. Qxf5 Rg3) 1/2-1/2

[Event "Al Mahmud Memorial Probashi Chess-ch 202"]
[Site "Dhaka"]
[Date "2022.02.12"]
[Round "8.2"]
[White "Anata, Choudhury"]
[Black "Zia, Tahsin Tajwar"]
[Result "1/2-1/2"]
[WhiteElo "2170"]
[BlackElo "2283"]
[Annotator "ChessBase"]
[PlyCount "79"]
[EventDate "2022.02.06"]
[EventCountry "BAN"]
[SourceTitle "playchess.com"]
[Source "ChessBase"]
[SourceQuality "1"]
[TimeControl "5400+30"]

1. e4 {[%emt 0:00:14]} c6 {[%emt 0:00:30]} 2. d4 {[%emt 0:00:55]} d5 {[%emt 0:00:06]} 3. exd5 {[%emt 0:00:16]} cxd5 {[%emt 0:00:09]} 4. Bd3 {[%emt 0:00:14]} Nc6 {[%emt 0:00:14]} 5. c3 {[%emt 0:00:10]} Nf6 {[%emt 0:00:47]} 6. h3 {[%emt 0:00:12]} g6 {[%emt 0:03:07]} 7. Nf3 {[%emt 0:00:10]} Bf5 {[%emt 0:00:46]} 8. Be2 {[%emt 0:00:20]} Bg7 {[%emt 0:00:38]} 9. O-O {[%emt 0:00:15]} Qc7 {[%emt 0:01:13]} 10. Be3 {[%emt 0:01:28]} h6 {[%emt 0:01:09]} 11. Nbd2 {[%emt 0:01:10]} g5 {[%emt 0:02:18]} 12. Nh2 {[%emt 0:00:42]} e6 {[%emt 0:05:10]} 13. Rc1 {[%emt 0:01:56]} Bf8 {[%emt 0:05:34]} 14. b4 {[%emt 0:27:11]} Bd6 {[%emt 0:05:17]} 15. Ng4 {[%emt 0:00:23]} Bxg4 {[%emt 0:09:26]} 16. hxg4 {[%emt 0:00:20]} Kf8 {[%emt 0:11:44]} 17. b5 {[%emt 0:06:22]} Ne7 {[%emt 0:00:28]} 18. c4 {[%emt 0:01:04]} Qb8 {[%emt 0:04:38]} 19. Re1 {[%emt 0:23:51]} Kg7 {[%emt 0:04:09]} 20. Bf3 {[%emt 0:01:33]} dxc4 {[%emt 0:05:17]} 21. Nxc4 {[%emt 0:00:28]} Ned5 {[%emt 0:00:45]} 22. Ne5 {[%emt 0:05:33]} Rc8 {[%emt 0:04:03]} 23. Bd2 {[%emt 0:03:13]} a6 {[%emt 0:02:27]} 24. bxa6 {[%emt 0:14:21]} Rxa6 {[%emt 0:00:42]} 25. Rxc8 {[%emt 0:02:16]} Qxc8 {[%emt 0:00:01]} 26. a4 {[%emt 0:00:08]} Rb6 {[%emt 0:02:57]} 27. Be2 {[%emt 0:02:55]} Nc3 {[%emt 0:06:24]} 28. Bxc3 {[%emt 0:00:08]} Qxc3 {[%emt 0:00:01]} 29. Bb5 {[%emt 0:00:24]} Bxe5 {[%emt 0:05:05]} 30. dxe5 {[%emt 0:00:26]} Nd5 {[%emt 0:00:07]} 31. Re2 {[%emt 0:01:31]} Qc7 {[%emt 0:05:08]} 32. Qe1 {[%emt 0:06:21]} Qc5 {[%emt 0:00:36]} 33. Re4 {[%emt 0:00:00]} Nc3 {[%emt 0:07:44]} 34. Rc4 {[%emt 0:00:00]} Qxc4 {[%emt 0:00:07]} 35. Bxc4 {[%emt 0:00:00]} Rb1 {[%emt 0:00:01]} 36. Qxb1 {[%emt 0:00:00]} Nxb1 {[%emt 0:00:02]} 37. a5 {[%emt 0:00:00]} Nd2 {[%emt 0:01:58]} 38. a6 {[%emt 0:00:00]} bxa6 {[%emt 0:00:06]} 39. Bxa6 {[%emt 0:00:00]} f6 {[%emt 0:03:57]} 40. exf6+ {[%emt 0:00:00]} 1/2-1/2

[Event "Al Mahmud Memorial Probashi Chess-ch 202"]
[Site "Dhaka"]
[Date "2022.02.12"]
[Round "8.3"]
[White "Ahmed, Sheikh Nasir"]
[Black "Abu Sufian, Shakil"]
[Result "1/2-1/2"]
[WhiteElo "2168"]
[BlackElo "2232"]
[Annotator "ChessBase"]
[PlyCount "96"]
[EventDate "2022.02.06"]
[EventCountry "BAN"]
[SourceTitle "playchess.com"]
[Source "ChessBase"]
[SourceQuality "1"]
[TimeControl "5400+30"]

1. e4 {[%emt 0:00:23]} c6 {[%emt 0:00:40]} 2. d4 {[%emt 0:00:12]} d5 {[%emt 0:00:02]} 3. Nc3 {[%emt 0:00:12]} dxe4 {[%emt 0:00:05]} 4. Nxe4 {[%emt 0:00:08]} Bf5 {[%emt 0:00:29]} 5. Qf3 {[%emt 0:00:20]} Bg6 {[%emt 0:10:26]} 6. c3 {[%emt 0:01:44]} Nd7 {[%emt 0:01:10]} 7. Nh3 {[%emt 0:10:20]} Ngf6 {[%emt 0:00:50]} 8. Nxf6+ {[%emt 0:00:58]} Nxf6 {[%emt 0:00:18]} 9. Nf4 {[%emt 0:00:29]} Be4 {[%emt 0:02:16]} 10. Qe3 {[%emt 0:06:04]} Bf5 {[%emt 0:02:32]} 11. Bd3 {[%emt 0:02:07]} Bxd3 {[%emt 0:00:12]} 12. Nxd3 {[%emt 0:00:13]} e6 {[%emt 0:00:11]} 13. Bd2 {[%emt 0:11:19]} Bd6 {[%emt 0:00:38]} 14. O-O-O {[%emt 0:00:48]} Nd5 {[%emt 0:04:56]} 15. Qe4 {[%emt 0:07:11]} b5 {[%emt 0:00:24]} 16. h4 {[%emt 0:07:32]} Qc7 {[%emt 0:01:45]} 17. h5 {[%emt 0:03:41]} h6 {[%emt 0:00:32]} 18. f4 {[%emt 0:01:52]} O-O-O {[%emt 0:03:21]} 19. g4 {[%emt 0:00:44]} a5 {[%emt 0:02:46]} 20. g5 {[%emt 0:03:17]} Rde8 {[%emt 0:06:14]} 21. Kb1 {[%emt 0:01:08]} a4 {[%emt 0:08:20]} 22. Rdf1 {[%emt 0:04:57]} Kb7 {[%emt 0:05:35]} 23. Rf3 {[%emt 0:06:57]} Qd7 {[%emt 0:11:05]} 24. Ne5 {[%emt 0:07:23]} Bxe5 {[%emt 0:09:29]} 25. fxe5 {[%emt 0:00:03]} hxg5 {[%emt 0:00:09]} 26. Bxg5 {[%emt 0:00:19]} Ref8 {[%emt 0:00:33]} 27. Qh4 {[%emt 0:04:04]} f6 {[%emt 0:04:40]} 28. exf6 {[%emt 0:00:28]} gxf6 {[%emt 0:00:06]} 29. Bc1 {[%emt 0:06:23]} Qh7+ {[%emt 0:01:43]} 30. Ka1 {[%emt 0:00:02]} Rhg8 {[%emt 0:00:23]} 31. Qe1 {[%emt 0:00:28]} Re8 {[%emt 0:01:25]} 32. h6 {[%emt 0:00:28]} e5 {[%emt 0:06:55]} 33. dxe5 {[%emt 0:00:53]} Rxe5 {[%emt 0:00:27]} 34. Qf1 {[%emt 0:00:57]} a3 {[%emt 0:04:08]} 35. bxa3 {[%emt 0:01:23]} Rge8 {[%emt 0:00:53]} 36. Qd3 {[%emt 0:01:43]} f5 {[%emt 0:01:59]} 37. Bd2 {[%emt 0:03:53]} Nb6 {[%emt 0:03:26]} 38. Rhf1 {[%emt 0:03:56]} Nc4 {[%emt 0:00:54]} 39. Bc1 {[%emt 0:00:37]} Re1 {[%emt 0:04:29]} 40. Rxe1 {[%emt 0:00:46]} Rxe1 {[%emt 0:00:01]} 41. Rf1 {[%emt 0:00:02]} Ne5 {[%emt 0:02:05]} 42. Qh3 {[%emt 0:00:28]} Re2 {[%emt 0:00:29]} 43. Qxf5 {[%emt 0:01:08]} Qg8 {[%emt 0:00:12]} 44. Bb2 {[%emt 0:00:35]} Qg2 {[%emt 0:00:29]} 45. Rb1 {[%emt 0:01:32]} Nc4 {[%emt 0:00:35]} 46. Qd7+ {[%emt 0:01:18]} Kb6 {[%emt 0:00:17]} 47. Qd8+ {[%emt 0:00:32]} Kb7 {[%emt 0:00:07]} 48. Qd7+ {[%emt 0:00:16]} Kb6 {[%emt 0:00:03]} 1/2-1/2

[Event "Al Mahmud Memorial Probashi Chess-ch 202"]
[Site "Dhaka"]
[Date "2022.02.12"]
[Round "8.4"]
[White "Nayem, Haque"]
[Black "Md., Sharif Hossain"]
[Result "1-0"]
[WhiteElo "2150"]
[BlackElo "2211"]
[Annotator "ChessBase"]
[PlyCount "108"]
[EventDate "2022.02.06"]
[EventCountry "BAN"]
[SourceTitle "playchess.com"]
[Source "ChessBase"]
[SourceQuality "1"]
[TimeControl "5400+30"]

1. e4 {[%emt 0:00:08]} c5 {[%emt 0:04:55]} 2. Nf3 {[%emt 0:00:10]} d6 {[%emt 0:00:02]} 3. Bb5+ {[%emt 0:00:38]} Nd7 {[%emt 0:00:05]} 4. c3 {[%emt 0:07:12]} a6 {[%emt 0:01:05]} 5. Bd3 {[%emt 0:00:02]} g6 {[%emt 0:02:54]} 6. Bc2 {[%emt 0:00:40]} Bg7 {[%emt 0:00:24]} 7. d4 {[%emt 0:00:03]} Ngf6 {[%emt 0:05:20]} 8. e5 {[%emt 0:01:06]} dxe5 {[%emt 0:05:38]} 9. dxe5 {[%emt 0:00:04]} Ng4 {[%emt 0:02:14]} 10. e6 {[%emt 0:00:02]} fxe6 {[%emt 0:05:26]} 11. Ng5 {[%emt 0:00:26]} Nde5 {[%emt 0:01:08]} 12. Qxd8+ {[%emt 0:05:13]} Kxd8 {[%emt 0:00:03]} 13. f4 {[%emt 0:02:18]} h6 {[%emt 0:01:38]} 14. Nh3 {[%emt 0:00:26]} Nc4 {[%emt 0:02:17]} 15. Bxg6 {[%emt 0:01:53]} Bd7 {[%emt 0:01:09]} 16. Bd3 {[%emt 0:04:25]} Nd6 {[%emt 0:02:32]} 17. Be2 {[%emt 0:05:42]} e5 {[%emt 0:02:51]} 18. fxe5 {[%emt 0:04:54]} Bxe5 {[%emt 0:01:48]} 19. Nf4 {[%emt 0:03:30]} Rg8 {[%emt 0:02:37]} 20. Bf3 {[%emt 0:16:16]} Bxf4 {[%emt 0:02:20]} 21. Bxf4 {[%emt 0:00:57]} e5 {[%emt 0:00:02]} 22. Bg3 {[%emt 0:21:18]} Ne3 {[%emt 0:06:38]} 23. Na3 {[%emt 0:01:12]} e4 {[%emt 0:05:44]} 24. Bxd6 {[%emt 0:01:06]} exf3 {[%emt 0:00:03]} 25. gxf3 {[%emt 0:01:23]} Rg2 {[%emt 0:05:43]} 26. Bxc5 {[%emt 0:02:06]} Kc7 {[%emt 0:00:18]} 27. Bxe3 {[%emt 0:01:40]} Re8 {[%emt 0:00:47]} 28. Nc4 {[%emt 0:03:55]} Bb5 {[%emt 0:02:42]} 29. O-O-O {[%emt 0:00:05]} Bxc4 {[%emt 0:01:03]} 30. Bxh6 {[%emt 0:05:50]} Bxa2 {[%emt 0:00:29]} 31. Rd2 {[%emt 0:00:31]} Ree2 {[%emt 0:00:49]} 32. Rxe2 {[%emt 0:02:16]} Rxe2 {[%emt 0:00:01]} 33. h4 {[%emt 0:00:58]} Bb3 {[%emt 0:01:49]} 34. h5 {[%emt 0:03:01]} Rc2+ {[%emt 0:00:54]} 35. Kb1 {[%emt 0:00:03]} Re2 {[%emt 0:01:28]} 36. Bf4+ {[%emt 0:00:41]} Kc6 {[%emt 0:01:05]} 37. h6 {[%emt 0:00:24]} Bc2+ {[%emt 0:00:42]} 38. Ka2 {[%emt 0:00:22]} Bh7 {[%emt 0:00:16]} 39. Rg1 {[%emt 0:00:32]} Re7 {[%emt 0:09:55]} 40. Rd1 {[%emt 0:06:24]} Rf7 {[%emt 0:00:57]} 41. Rd6+ {[%emt 0:00:20]} Kc5 {[%emt 0:01:00]} 42. Rd4 {[%emt 0:00:12]} Kb5 {[%emt 0:01:25]} 43. b3 {[%emt 0:00:45]} Kc5 {[%emt 0:07:23]} 44. Ka3 {[%emt 0:00:16]} a5 {[%emt 0:01:24]} 45. Bd6+ {[%emt 0:00:23]} Kc6 {[%emt 0:00:11]} 46. Bf4 {[%emt 0:00:06]} Kc5 {[%emt 0:00:10]} 47. Rc4+ {[%emt 0:00:55]} Kb5 {[%emt 0:02:03]} 48. Rc7 {[%emt 0:00:30]} Rxc7 {[%emt 0:00:46]} 49. Bxc7 {[%emt 0:00:03]} Bg8 {[%emt 0:04:54]} 50. c4+ {[%emt 0:00:15]} Ka6 {[%emt 0:03:25]} 51. Kb2 {[%emt 0:00:03]} b5 {[%emt 0:00:07]} 52. cxb5+ {[%emt 0:00:03]} Kxb5 {[%emt 0:00:04]} 53. Kc3 {[%emt 0:00:25]} a4 {[%emt 0:02:08]} 54. bxa4+ {[%emt 0:00:02]} Kxa4 {[%emt 0:00:00]} 1-0

[Event "Al Mahmud Memorial Probashi Chess-ch 202"]
[Site "Dhaka"]
[Date "2022.02.12"]
[Round "8.5"]
[White "Rahman, Syed Mahfuzur"]
[Black "Manon, Reja Neer"]
[Result "1/2-1/2"]
[WhiteElo "2099"]
[BlackElo "2209"]
[Annotator "ChessBase"]
[PlyCount "105"]
[EventDate "2022.02.06"]
[EventCountry "BAN"]
[SourceTitle "playchess.com"]
[Source "ChessBase"]
[SourceQuality "1"]
[TimeControl "5400+30"]

1. e4 {[%emt 0:00:04]} Nf6 {[%emt 0:06:37]} 2. e5 {[%emt 0:00:56]} Nd5 {[%emt 0:00:09]} 3. c4 {[%emt 0:00:42]} Nb6 {[%emt 0:00:21]} 4. d4 {[%emt 0:00:16]} d6 {[%emt 0:00:08]} 5. Nf3 {[%emt 0:02:30]} g6 {[%emt 0:01:10]} 6. Be2 {[%emt 0:03:03]} Bg7 {[%emt 0:00:30]} 7. O-O {[%emt 0:02:07]} O-O {[%emt 0:02:01]} 8. Nc3 {[%emt 0:01:28]} Bg4 {[%emt 0:07:35]} 9. exd6 {[%emt 0:05:43]} cxd6 {[%emt 0:00:41]} 10. Be3 {[%emt 0:05:04]} Nc6 {[%emt 0:02:46]} 11. b3 {[%emt 0:01:21]} Rc8 {[%emt 0:06:57]} 12. h3 {[%emt 0:13:13]} Bxf3 {[%emt 0:02:46]} 13. Bxf3 {[%emt 0:03:59]} Nd7 {[%emt 0:01:24]} 14. Qd2 {[%emt 0:06:02]} Qa5 {[%emt 0:02:26]} 15. Rad1 {[%emt 0:01:44]} a6 {[%emt 0:02:35]} 16. Rfe1 {[%emt 0:04:22]} Rfe8 {[%emt 0:01:54]} 17. a3 {[%emt 0:15:02]} e5 {[%emt 0:15:59]} 18. b4 {[%emt 0:03:51]} Qc7 {[%emt 0:07:31]} 19. Nd5 {[%emt 0:15:01]} Qb8 {[%emt 0:01:53]} 20. b5 {[%emt 0:00:11]} axb5 {[%emt 0:12:01]} 21. cxb5 {[%emt 0:00:07]} Nd8 {[%emt 0:00:23]} 22. Qb4 {[%emt 0:03:49]} Bf8 {[%emt 0:02:39]} 23. a4 {[%emt 0:01:20]} Ne6 {[%emt 0:01:23]} 24. a5 {[%emt 0:01:38]} f5 {[%emt 0:01:13]} 25. g3 {[%emt 0:02:25]} Kh8 {[%emt 0:01:47]} 26. b6 {[%emt 0:07:32]} Bg7 {[%emt 0:01:34]} 27. Qb5 {[%emt 0:00:00]} Ndf8 {[%emt 0:02:42]} 28. dxe5 {[%emt 0:00:00]} dxe5 {[%emt 0:00:02]} 29. Nb4 {[%emt 0:00:00]} f4 {[%emt 0:01:05]} 30. gxf4 {[%emt 0:00:19]} exf4 {[%emt 0:00:02]} 31. Bc1 {[%emt 0:00:50]} Rc5 {[%emt 0:01:47]} 32. Qe2 {[%emt 0:00:10]} Re5 {[%emt 0:01:48]} 33. Qd3 {[%emt 0:00:56]} Nc5 {[%emt 0:13:11]} 34. Qf1 {[%emt 0:00:45]} Nfd7 {[%emt 0:00:00]} 35. Kh2 {[%emt 0:00:19]} Rxe1 {[%emt 0:00:00]} 36. Rxe1 {[%emt 0:00:01]} Ne5 {[%emt 0:00:00]} 37. Bd5 {[%emt 0:00:36]} g5 {[%emt 0:00:00]} 38. f3 {[%emt 0:00:30]} Qd6 {[%emt 0:00:00]} 39. Rd1 {[%emt 0:00:29]} Qh6 {[%emt 0:00:00]} 40. Kg2 {[%emt 0:00:31]} Qg6 {[%emt 0:00:00]} 41. Kh2 {[%emt 0:01:17]} h5 {[%emt 0:00:00]} 42. Qf2 {[%emt 0:00:38]} g4 {[%emt 0:00:02]} 43. hxg4 {[%emt 0:00:28]} hxg4 {[%emt 0:00:04]} 44. Qh4+ {[%emt 0:00:10]} Qh6 {[%emt 0:01:14]} 45. Qxh6+ {[%emt 0:00:12]} Bxh6 {[%emt 0:00:01]} 46. Bb2 {[%emt 0:00:30]} gxf3 {[%emt 0:00:54]} 47. Bxf3 {[%emt 0:00:22]} Bg7 {[%emt 0:00:02]} 48. Bxe5 {[%emt 0:00:36]} Rxe5 {[%emt 0:00:20]} 49. Rd5 {[%emt 0:01:16]} Rxd5 {[%emt 0:00:40]} 50. Bxd5 {[%emt 0:00:01]} Bc3 {[%emt 0:00:15]} 51. Bxb7 {[%emt 0:00:52]} Bxb4 {[%emt 0:00:41]} 52. a6 {[%emt 0:00:00]} Na4 {[%emt 0:00:15]} 53. Kh3 {[%emt 0:01:42]} 1/2-1/2